000 00711nam a2200265Ia 4500
003 OSt
005 20220918163232.0
006 a|||||r|||| 00| 0
007 ta
008 220917b |||||||| |||| 00| 0 eng d
020 _a0 416 83820 0
024 _a29,270
037 _cTextual
040 _aARTS
_cARTS
_beng
041 _2eng
_aeng
082 _aO111,3:g(P), L7
100 _aFowler Roger
_912230
245 0 _aLinguistics and the novel
260 _aLondon
_bMethuen UK
_c1977
300 _axiii,145p.
_ccm.
490 _aNew accenbts ed by Terence hawkes
650 _aENGLISH LITERATURE
942 _hO111,3:g(P), L7
_cTEXL
_2CC
999 _c118667
_d118667